[Event "Come on"]
[Site "http://www.queenalice.com/game.php?id=192100"]
[Date "2007.4.5"]
[Round "-"]
[White "rickma00"]
[Black "jamesrl"]
[Result "0-1"]
[WhiteElo "1971"]
[BlackElo "1960"]

1. e4 e5 2. Nf3 Nc6 3. Bb5 Nge7 4. Nc3 a6 5. Ba4 Ng6 6. Nd5 b5 7. Bb3 Bb7 8. c3
Na5 9. Bc2 Bxd5 10. exd5 Bd6 11. d3 O-O 12. O-O h6 13. d4 exd4 14. Nxd4 Qf6 15.
Qh5 Rfe8 16. b3 Re5 17. Qf3 Qxf3 18. Nxf3 Re7 19. Be3 Nf4 20. Bxf4 Bxf4 21. Rfe1
Rae8 22. Kf1 Rxe1+ 23. Rxe1 Rxe1+ 24. Kxe1 g6 25. Ke2 f5 26. Kd3 c5 27. g3 Bc7
28. Nd2 Kf7 29. f4 Ke7 30. Nf3 c4+ 31. Kd2 d6 32. Nd4 Nb7 33. b4 Nd8 34. g4 fxg4
35. Bxg6 Bb6 36. Bh5 Bxd4 37. cxd4 Nb7 38. Bxg4 Kd8 0-1

[Event "CNTV"]
[Site "http://www.queenalice.com/game.php?id=201919"]
[Date "2007.4.24"]
[Round "3"]
[White "rickma00"]
[Black "gerchurches"]
[Result "1/2-1/2"]
[WhiteElo "2149"]
[BlackElo "2308"]

1. e4 e6 2. d4 d5 3. Nd2 c5 4. exd5 exd5 5. Ngf3 Nf6 6. dxc5 Bxc5 7. Nb3 Bb6 8.
Bb5+ Nc6 9. Qe2+ Qe7 10. Qxe7+ Kxe7 11. Bg5 h6 12. Bh4 g5 13. Bg3 Ne4 14. O-O-O
Be6 15. Nfd4 Nxd4 16. Nxd4 h5 17. f3 Nxg3 18. hxg3 Bc7 19. Rhe1 a6 20. Ba4 Rad8
21. Bb3 Kf6 22. Ne2 h4 23. g4 b5 24. Nd4 Bb6 25. Rf1 Bc5 26. a3 Rd6 27. Rd3 Rb8
28. Rfd1 Re8 29. c3 Rb8 30. Bc2 a5 31. Nb3 Bb6 32. Nd4 b4 33. axb4 axb4 34. cxb4
Bxd4 35. Rxd4 Ke5 36. b3 Rc6 37. Kb2 Rc7 38. Bf5 Rd7 39. Bc2 Rc7 40. Bf5 Rc6 41.
Bc2 Rbb6 42. Bb1 Rc8 43. Bf5 Rcc6 44. Bb1 Rc8 45. Bf5 Rcb8 46. Kc3 Rc8+ 47. Kb2
Rd8 48. Bb1 Rh8 49. Kc3 Rc6+ 50. Kd3 Rb8 51. Re1+ Kd6 52. Kd2 Rc7 53. f4 gxf4
54. Rxf4 Rg8 55. Bf5 Ra7 56. Kd3 Ra3 57. Kc3 Ra2 58. Bxe6 fxe6 59. Rf6 Rc8+ 60.
Kd3 Re8 61. Rh6 Rb2 62. Kc3 Rxg2 63. Rxh4 e5 64. Rh6+ Re6 65. Rxe6+ Kxe6 66. b5
Rg3+ 67. Kb4 Rxg4+ 68. Kc5 Rg3 69. Rh1 d4 70. Rh6+ Kf5 71. b6 Rxb3 72. Rh5+ Kf4
73. Rh4+ Kg5 74. Rh1 d3 75. Kc4 Rxb6 76. Kxd3 Rb4 77. Rf1 Rd4+ 78. Ke3 Ra4 79.
Rf8 Kg6 80. Rf1 1/2-1/2

[Event "AUTO-OPEN-437"]
[Site "http://www.queenalice.com/game.php?id=216961"]
[Date "2007.5.27"]
[Round "3"]
[White "rickma00"]
[Black "mds"]
[Result "1/2-1/2"]
[WhiteElo "2118"]
[BlackElo "2090"]

1. e4 Nc6 2. Nf3 d6 3. d4 g6 4. Nc3 Bg7 5. Be3 Bg4 6. Bc4 e5 7. d5 Nd4 8. Bxd4
exd4 9. Ne2 Bxf3 10. gxf3 c5 11. dxc6 bxc6 12. Nxd4 Qb6 13. c3 Qxb2 14. O-O Ne7
15. Qa4 O-O 1/2-1/2

[Event "AUTO-OPEN-437"]
[Site "http://www.queenalice.com/game.php?id=216962"]
[Date "2007.5.27"]
[Round "3"]
[White "mds"]
[Black "rickma00"]
[Result "1-0"]
[WhiteElo "2361"]
[BlackElo "2163"]

1. e4 Nf6 2. e5 Nd5 3. d4 d6 4. exd6 exd6 5. Bc4 Nb6 6. Bb3 Be7 7. Ne2 Nc6 8. c3
Bg4 9. f3 Bf5 10. O-O O-O 11. Ng3 Bg6 12. f4 1-0

[Event "Challenge"]
[Site "http://www.queenalice.com/game.php?id=217348"]
[Date "2007.5.28"]
[Round "-"]
[White "rickma00"]
[Black "corinthians2"]
[Result "0-1"]
[WhiteElo "2150"]
[BlackElo "2102"]

1. e4 c5 2. Nf3 e6 3. d4 cxd4 4. Nxd4 Nc6 5. Be3 Nf6 6. f3 d5 7. Nxc6 bxc6 8.
exd5 exd5 9. c4 Bd6 10. Be2 Qc7 11. Nc3 Be6 12. cxd5 Nxd5 13. Nxd5 Bxd5 14. Kf2
Bxh2 15. Rxh2 Qxh2 16. Bc5 f6 17. b4 Kf7 18. b5 Rhd8 19. Qa4 cxb5 20. Qxb5 Qh4+
21. Kg1 Rab8 22. Qa5 Rd7 23. Bf2 Qb4 24. Qxb4 Rxb4 25. a4 Bc6 26. Bb5 Bxb5 27.
axb5 Rxb5 28. Bxa7 Rb2 29. Be3 g5 0-1

[Event "Challenge"]
[Site "http://www.queenalice.com/game.php?id=218817"]
[Date "2007.5.31"]
[Round "-"]
[White "corinthians2"]
[Black "rickma00"]
[Result "0-1"]
[WhiteElo "2041"]
[BlackElo "2154"]

1. e4 Nf6 2. e5 Nd5 3. d4 d6 4. Nf3 dxe5 5. Nxe5 c6 6. c4 Nb6 7. Nc3 N8d7 8. Nf3
e6 9. Bf4 Be7 10. Bd3 h6 11. Qe2 Nf6 12. O-O-O O-O 13. g4 Nxg4 14. Rhg1 h5 15.
Ne5 Bg5 16. Bxg5 Qxg5+ 17. Kb1 Qh6 18. Nxg4 hxg4 19. Qxg4 e5 20. Qe4 exd4 21.
Qxd4 Be6 22. Qe4 Rfe8 23. Qg2 Rad8 24. Qf1 Bh3 0-1

[Event "AUTO-ADV-337"]
[Site "http://www.queenalice.com/game.php?id=223646"]
[Date "2007.6.11"]
[Round "2"]
[White "monicker"]
[Black "rickma00"]
[Result "1-0"]
[WhiteElo "1830"]
[BlackElo "2056"]

1. e4 Nf6 2. Nc3 d5 3. e5 d4 4. Nce2 Ng4 5. Nf3 Nc6 6. d3 Ngxe5 7. Ng3 Bg4 8.
Be2 Bxf3 9. Bxf3 Nxf3+ 10. Qxf3 e6 11. a3 Be7 12. O-O Qd7 13. Nh5 O-O-O 14. Nxg7
Rhg8 15. Nh5 Rg6 16. Qxf7 Ne5 17. Qxh7 Rdg8 18. Ng3 1-0

[Event "AUTO-ADV-337"]
[Site "http://www.queenalice.com/game.php?id=223647"]
[Date "2007.6.11"]
[Round "2"]
[White "rickma00"]
[Black "monicker"]
[Result "0-1"]
[WhiteElo "2083"]
[BlackElo "1803"]

1. e4 e6 2. d4 Nf6 3. Bd3 d5 4. e5 Nfd7 5. c3 c5 6. Nd2 cxd4 7. cxd4 Nc6 8. Ne2
Be7 9. Nf3 O-O 10. Nf4 Qa5+ 11. Kf1 b5 12. Nh5 g6 13. Ng3 a6 14. h4 f6 15. h5 g5
16. Qc2 Nb4 17. Bxh7+ Kh8 18. Qg6 fxe5 0-1

[Event "AUTO-ADV-337"]
[Site "http://www.queenalice.com/game.php?id=223648"]
[Date "2007.6.11"]
[Round "2"]
[White "trizzo326"]
[Black "rickma00"]
[Result "0-1"]
[WhiteElo "1817"]
[BlackElo "2137"]

1. Nf3 f5 2. d4 Nf6 3. Nc3 d5 4. Bf4 e6 5. a3 c6 6. e3 Bd6 7. Be5 Qe7 8. Bd3 O-O
9. h3 Nbd7 10. g4 fxg4 11. hxg4 g6 12. Qe2 Nxg4 13. Bxg6 Ngxe5 14. Bxh7+ Qxh7
15. Rxh7 Nxf3+ 16. Kd1 Kxh7 17. Qd3+ Kg7 18. e4 e5 19. exd5 exd4 20. Ne4 Nc5 21.
Nxc5 Bxc5 22. dxc6 Bg4 23. Qb5 Rae8 24. c3 d3 0-1

[Event "AUTO-ADV-337"]
[Site "http://www.queenalice.com/game.php?id=223649"]
[Date "2007.6.11"]
[Round "2"]
[White "rickma00"]
[Black "trizzo326"]
[Result "1-0"]
[WhiteElo "2117"]
[BlackElo "1807"]

1. e4 e5 2. Nf3 Nc6 3. Bb5 Bd6 4. O-O a6 5. Bxc6 dxc6 6. d4 Bg4 7. dxe5 Bxf3 8.
Qxf3 Bxe5 9. Rd1 Qf6 10. Qb3 Rd8 11. Re1 Nh6 12. h3 O-O 13. Nd2 b6 14. Nc4 Rfe8
15. Nxe5 Rxe5 16. Qg3 Nf5 17. Qf4 Nd6 18. Qxf6 gxf6 19. f3 a5 20. Bf4 Rc5 21.
Rac1 Kg7 22. Kf2 Rd7 23. Red1 Kg6 24. Rd2 h5 25. Rcd1 a4 26. b3 axb3 27. cxb3
Ra5 28. a4 b5 29. Bxd6 cxd6 30. Rxd6 Rc7 31. Ra1 Kg5 32. g3 c5 33. Rd5+ Kg6 34.
Ke3 c4 35. bxc4 Rxc4 36. Rxb5 Raxa4 37. Rxa4 Rxa4 38. Kf4 Rc4 39. g4 h4 40. Rh5
Rc1 41. Rxh4 Re1 42. Rh5 Re2 43. h4 Re1 44. Ra5 Rh1 45. h5+ Kg7 46. e5 fxe5+ 47.
Rxe5 Rh3 48. Ra5 Kh7 49. Rf5 Kg7 50. Kg5 Kf8 51. Kf6 Kg8 52. f4 Kf8 53. Ra5 1-0

[Event "AUTO-MASTER-260"]
[Site "http://www.queenalice.com/game.php?id=240861"]
[Date "2007.7.16"]
[Round "2"]
[White "Pato"]
[Black "rickma00"]
[Result "1-0"]
[WhiteElo "2067"]
[BlackElo "2120"]

1. f4 c5 2. Nf3 d5 3. e3 Nc6 4. b3 Nf6 5. Bb2 e6 6. Bb5 Bd6 7. Bxc6+ bxc6 8. d3
Ba6 9. Nbd2 c4 10. dxc4 dxc4 11. Ne5 cxb3 12. axb3 Qb6 13. Ndc4 Bxc4 14. Nxc4
Bb4+ 15. c3 Qc5 16. cxb4 Qxb4+ 17. Qd2 Qxb3 18. Nd6+ Kf8 19. O-O Rd8 20. Ba3 Kg8
21. Rfb1 Qd5 22. Qxd5 Nxd5 23. Bc5 1-0

[Event "AUTO-MASTER-260"]
[Site "http://www.queenalice.com/game.php?id=240862"]
[Date "2007.7.16"]
[Round "2"]
[White "rickma00"]
[Black "Pato"]
[Result "0-1"]
[WhiteElo "2075"]
[BlackElo "1997"]

1. e4 Nc6 2. b4 Nxb4 3. c3 Nc6 4. d4 e5 5. d5 Nce7 6. Nf3 Ng6 7. Nbd2 Nf6 8. Bd3
Bc5 9. Nc4 d6 10. h3 O-O 11. Bg5 h6 12. Be3 b5 13. Ncd2 Bxe3 14. fxe3 Bd7 15.
Rb1 Rb8 16. O-O c5 17. dxc6 Bxc6 18. Nh2 a5 19. Ng4 Nxg4 20. Qxg4 Qb6 21. Qg3
Nf4 22. Rxf4 exf4 23. Qxf4 Qc5 24. c4 b4 25. Nb3 Qb6 26. Nd4 Bd7 27. Kh1 Rbe8
28. Rf1 a4 29. Rf3 b3 30. axb3 axb3 31. Rg3 Kh8 32. Nf5 Bxf5 33. exf5 b2 34. f6
b1=Q+ 35. Kh2 g5 36. Qf5 Qxd3 37. Qxd3 Rg8 0-1

[Event "AUTO-MASTER-260"]
[Site "http://www.queenalice.com/game.php?id=240867"]
[Date "2007.7.16"]
[Round "2"]
[White "rickma00"]
[Black "ENDHER"]
[Result "0-1"]
[WhiteElo "2106"]
[BlackElo "2289"]

1. e4 e6 2. d4 Nc6 3. Nf3 Be7 4. c4 d6 5. Nc3 Nf6 6. Bg5 O-O 7. Be2 Re8 8. O-O
e5 9. d5 Nd4 10. Nxd4 exd4 11. Qxd4 Nxd5 12. exd5 Bxg5 13. Bd3 Bf6 14. Qf4 Be5
15. Qf3 Qh4 16. g3 Qh3 17. Rfe1 Bg4 18. Qg2 Qh5 19. f4 Bd4+ 0-1

[Event "AUTO-MASTER-260"]
[Site "http://www.queenalice.com/game.php?id=240868"]
[Date "2007.7.16"]
[Round "2"]
[White "ENDHER"]
[Black "rickma00"]
[Result "1-0"]
[WhiteElo "2296"]
[BlackElo "2099"]

1. d4 f5 2. c4 Nf6 3. g3 g6 4. Bg2 Bg7 5. Nf3 d6 6. O-O O-O 7. Nc3 Nc6 8. Qb3
Ne4 9. Rd1 Na5 10. Qa4 Nxc3 11. bxc3 c5 12. dxc5 Bxc3 13. Rb1 Bd7 14. Qa3 Bg7
15. cxd6 e5 16. Bg5 Bf6 17. Bxf6 Rxf6 18. Nxe5 Bc6 19. Nxc6 1-0

[Event "I Torneo Cubano"]
[Site "http://www.queenalice.com/game.php?id=241708"]
[Date "2007.7.18"]
[Round "3"]
[White "velkan_cu"]
[Black "rickma00"]
[Result "0-1"]
[WhiteElo "1847"]
[BlackElo "2056"]

1. e4 c5 2. Nf3 d6 3. Bb5+ Bd7 4. Bxd7+ Qxd7 5. O-O Nc6 6. c3 Nf6 7. Re1 e6 8.
d4 cxd4 9. cxd4 d5 10. e5 Ne4 11. Nbd2 Nxd2 12. Bxd2 Be7 13. a3 O-O 14. b4 Rac8
15. Qa4 Nxe5 16. Qxd7 Nxd7 17. Rac1 Nb6 18. Rxc8 Rxc8 19. Rc1 Rxc1+ 20. Bxc1 Nc4
21. Kf1 a5 22. bxa5 Nxa3 23. Bxa3 Bxa3 24. Nd2 Kf8 25. Ke2 Ke7 26. Kd3 f6 27. g3
e5 28. f3 Ke6 29. Nb3 Bb4 30. h3 h5 0-1

[Event "AUTO-ADV-347"]
[Site "http://www.queenalice.com/game.php?id=253364"]
[Date "2007.8.9"]
[Round "2"]
[White "rickma00"]
[Black "Kisei"]
[Result "0-1"]
[WhiteElo "1992"]
[BlackElo "2254"]

1. e4 c5 2. Nf3 d6 3. d4 cxd4 4. Nxd4 Nf6 5. Nc3 a6 6. Bg5 e6 7. f4 Be7 8. Qf3
Qc7 9. O-O-O Nbd7 10. Bd3 h6 0-1

[Event "AUTO-ADV-347"]
[Site "http://www.queenalice.com/game.php?id=253365"]
[Date "2007.8.9"]
[Round "2"]
[White "Nimzo81"]
[Black "rickma00"]
[Result "1-0"]
[WhiteElo "2159"]
[BlackElo "2008"]

1. Nf3 f5 2. Nc3 Nf6 3. d4 e6 4. Bg5 Be7 5. e3 O-O 6. Bd3 d5 7. O-O c6 8. Ne5
Nbd7 9. f4 Nxe5 10. dxe5 Ne4 11. Bxe7 1-0

[Event "AUTO-ADV-347"]
[Site "http://www.queenalice.com/game.php?id=253366"]
[Date "2007.8.9"]
[Round "2"]
[White "rickma00"]
[Black "Nimzo81"]
[Result "0-1"]
[WhiteElo "2019"]
[BlackElo "2151"]

1. e4 c6 2. d4 d5 3. Nc3 dxe4 4. Nxe4 Nf6 5. Ng5 h6 6. N5f3 Bg4 7. h3 Bf5 8. Bd3
Bxd3 9. Qxd3 e6 10. Ne5 Nbd7 11. Ngf3 Nxe5 0-1